[Event "Bad Woerishofen op"]
[Site "?"]
[Date "2007.03.12"]
[Round "5"]
[White "Moehring, Norbert"]
[Black "Mueller, Wolfgang"]
[Result "1-0"]
[WhiteElo "2116"]
[BlackElo "1893"]
[PlyCount "47"]
[EventDate "2007.??.??"]

1. b4 e5 2. Bb2 f6 3. e4 Ne7 4. Bc4 c6 5. Qh5+ Ng6 6. f4 exf4 7. Ne2 Qe7 8. O-O
Kd8 9. d4 b5 10. Bd3 Qe8 11. a4 Bxb4 12. axb5 Ne7 13. Qf3 g5 14. Ra4 Bd6 15. b6
a6 16. Nd2 h5 17. Nc4 g4 18. Qf2 f3 19. Nxd6 Qg6 20. b7 Bxb7 21. Nf4 Qg7 22.
Nxb7+ Kc7 23. Nc5 Qh7 24. d5 1-0

[Event "Bad Woerishofen op"]
[Site "?"]
[Date "2007.03.12"]
[Round "5"]
[White "Straub, Hermann"]
[Black "Bigott, Martin"]
[Result "1-0"]
[WhiteElo "1993"]
[BlackElo "2110"]
[PlyCount "44"]
[EventDate "2007.??.??"]

1. f4 d6 2. Nf3 Bg4 3. e3 e5 4. fxe5 dxe5 5. Be2 Nd7 6. O-O Bd6 7. Nc3 f6 8.
Ne4 Bb4 9. a3 Ba5 10. b4 Bb6 11. c4 c5 12. Nd6+ Kf8 13. Nxb7 Qc7 14. Nxc5 Nxc5
15. bxc5 Bxc5 16. Bb2 Bxf3 17. Bxf3 Rd8 18. Qc2 Ne7 19. Kh1 Nc6 20. Bxc6 Qxc6
21. Bxe5 Ke7 22. Bc3 Qxg2+ 1-0

[Event "Bad Woerishofen op"]
[Site "?"]
[Date "2007.03.12"]
[Round "5"]
[White "Schiffer, Steve"]
[Black "Strasser, Josef"]
[Result "1-0"]
[WhiteElo "2165"]
[BlackElo "1971"]
[PlyCount "25"]
[EventDate "2007.??.??"]

1. e4 d5 2. exd5 Nf6 3. d4 Nxd5 4. c4 Nb6 5. Nc3 e5 6. Nf3 exd4 7. Nxd4 a6 8.
Be3 Nc6 9. Nxc6 Qxd1+ 10. Rxd1 bxc6 11. Be2 Bd7 12. O-O O-O-O 13. c5 1-0

[Event "Bad Woerishofen op"]
[Site "?"]
[Date "2007.03.12"]
[Round "5"]
[White "Schellmann, Frank"]
[Black "Trabert, Bettina"]
[Result "0-1"]
[WhiteElo "2107"]
[BlackElo "2251"]
[PlyCount "62"]
[EventDate "2007.??.??"]

1. e4 e5 2. Nc3 Nf6 3. Nf3 Nc6 4. g3 d5 5. exd5 Nxd5 6. Bg2 Nxc3 7. bxc3 Bc5 8.
O-O O-O 9. Re1 Qf6 10. d3 h6 11. Be3 Bb6 12. Nd2 Ba5 13. Ne4 Qg6 14. Bd2 f5 15.
Nc5 Bb6 16. Na4 f4 17. Nxb6 axb6 18. Be4 Qf6 19. Qf3 Bd7 20. Bd5+ Kh8 21. gxf4
exf4 22. Qg2 Ne7 23. Bxb7 Ra5 24. Kh1 Ng6 25. Rg1 Nh4 26. Qe4 Ra7 27. Bd5 c6
28. Bb3 Bh3 29. d4 Re7 30. Qd3 Bf5 31. Qf1 Be4+ 0-1

[Event "Bad Woerishofen sen"]
[Site "?"]
[Date "2007.03.12"]
[Round "5"]
[White "Zunker, Dr. Reinhard"]
[Black "Baum, Dr. Bernd"]
[Result "1-0"]
[WhiteElo "2242"]
[BlackElo "2179"]
[PlyCount "77"]
[EventDate "2007.??.??"]

1. e4 e5 2. Nf3 d6 3. d4 exd4 4. Nxd4 Nf6 5. Nc3 Be7 6. Be2 O-O 7. Be3 c5 8.
Nb3 Nc6 9. O-O Re8 10. f4 Bf8 11. Bf3 a5 12. a4 Nb4 13. Bf2 Bd7 14. e5 dxe5 15.
fxe5 Rxe5 16. Bxb7 Bg4 17. Qxd8 Rxd8 18. Nxa5 Re6 19. h3 Bf5 20. Rad1 Rde8 21.
Rde1 Bxc2 22. Rxe6 Rxe6 23. b3 Rb6 24. Ra1 Nd3 25. Nd5 Nxd5 26. Bxd5 Nxf2 27.
Kxf2 Rf6+ 28. Ke2 g6 29. Ra2 Bb1 30. Ra1 Bf5 31. Nc4 Bg7 32. a5 Be6 33. Rd1 Kf8
34. Bb7 Bxc4+ 35. bxc4 Re6+ 36. Kf1 Bd4 37. a6 Rf6+ 38. Ke1 Re6+ 39. Kd2 1-0

[Event "Bad Woerishofen sen"]
[Site "?"]
[Date "2007.03.12"]
[Round "5"]
[White "Ljubarskij, Jurij"]
[Black "Hein, Manfred"]
[Result "1-0"]
[WhiteElo "2292"]
[BlackElo "2142"]
[PlyCount "77"]
[EventDate "2007.??.??"]

1. e4 d5 2. exd5 Qxd5 3. Nc3 Qa5 4. Bc4 Nf6 5. d3 c6 6. Bd2 Qd8 7. Nf3 Bf5 8.
Qe2 e6 9. Nh4 Bg6 10. Nxg6 hxg6 11. h3 Nbd7 12. a4 Bb4 13. Ne4 Bxd2+ 14. Qxd2
Nxe4 15. dxe4 Nb6 16. Bd3 Qf6 17. a5 Nd7 18. Qb4 Rb8 19. O-O c5 20. Qa4 Qd4 21.
Bc4 Rd8 22. Rad1 Qxe4 23. Rfe1 Qh4 24. Rxd7 Rxd7 25. Rd1 O-O 26. Rxd7 Qe4 27.
Rd1 Qe5 28. c3 Qe4 29. Bb3 Qe5 30. Qb5 Qc7 31. Bc4 Rb8 32. Rd7 Qf4 33. Qxc5
Qc1+ 34. Bf1 Qxb2 35. Qxa7 Rf8 36. Qxb7 Qxc3 37. a6 Qa1 38. a7 Qa4 39. Rxf7 1-0

[Event "Bad Woerishofen sen"]
[Site "?"]
[Date "2007.03.12"]
[Round "5"]
[White "Straub, Peter"]
[Black "Bierwisch, Bernhard"]
[Result "0-1"]
[WhiteElo "2096"]
[BlackElo "2242"]
[PlyCount "114"]
[EventDate "2007.??.??"]

1. e4 c5 2. Nf3 d6 3. Bb5+ Bd7 4. Bxd7+ Qxd7 5. c4 e5 6. Nc3 g6 7. d3 Bg7 8.
Be3 Nc6 9. O-O Nge7 10. Nd2 O-O 11. a3 f5 12. f3 Nd4 13. b4 b6 14. Rb1 Rab8 15.
b5 h5 16. Bg5 Bf6 17. Bxf6 Rxf6 18. f4 exf4 19. Rxf4 Rbf8 20. Ne2 Ne6 21. Rf2
f4 22. h4 g5 23. hxg5 Nxg5 24. Nf3 Qg4 25. Nxg5 Qxg5 26. Qd2 Ng6 27. Rbf1 Qg4
28. Kh1 Qh4+ 29. Kg1 Kh7 30. d4 Qg4 31. e5 dxe5 32. dxe5 Rf5 33. Qc3 f3 34.
Rxf3 Rxf3 35. Rxf3 Rxf3 36. Qxf3 Qxf3 37. gxf3 Nxe5 38. Kf2 Nxc4 39. a4 Kg6 40.
Nf4+ Kg5 41. Ne6+ Kf6 42. Nd8 Nb2 43. Nc6 Nxa4 44. Nxa7 h4 45. Ke3 Nc3 46. Kf4
Nd5+ 47. Kg4 c4 48. Nc6 c3 49. Nd4 Nb4 50. Kxh4 c2 51. Nb3 Nd3 52. Kg4 c1=Q 53.
Nxc1 Nxc1 54. Kf4 Ne2+ 55. Ke4 Nc3+ 56. Kd4 Nxb5+ 57. Kd5 Nc7+ 0-1

[Event "Bad Woerishofen sen"]
[Site "?"]
[Date "2007.03.12"]
[Round "5"]
[White "Klempt, Guenther"]
[Black "Kripp, Wolfgang"]
[Result "1/2-1/2"]
[WhiteElo "2064"]
[BlackElo "2162"]
[PlyCount "50"]
[EventDate "2007.??.??"]

1. d4 d5 2. c4 e6 3. Nc3 Nf6 4. Nf3 c6 5. cxd5 exd5 6. Bg5 Bf5 7. e3 Nbd7 8.
Bd3 Bg4 9. O-O Qb6 10. Rb1 Bd6 11. a3 O-O 12. b4 a6 13. Be2 Rae8 14. Qc2 Bh5
15. Rfe1 Bg6 16. Bd3 Ne4 17. Bh4 f5 18. Bxe4 fxe4 19. Nd2 Nf6 20. Nf1 Ng4 21.
h3 Nh6 22. Ng3 Be7 23. Na4 Qd8 24. Nc5 Qc8 25. a4 Nf5 1/2-1/2

[Event "Bad Woerishofen sen"]
[Site "?"]
[Date "2007.03.12"]
[Round "5"]
[White "Schirmer, Werner"]
[Black "Teichmeister, Dr.Sven"]
[Result "1/2-1/2"]
[WhiteElo "2060"]
[BlackElo "2128"]
[PlyCount "63"]
[EventDate "2007.??.??"]

1. e4 c5 2. Nf3 g6 3. d4 cxd4 4. Nxd4 Nc6 5. Nc3 Bg7 6. Be3 Nf6 7. Bc4 O-O 8.
Bb3 a5 9. a4 Ng4 10. Nxc6 Nxe3 11. Nxd8 Nxd1 12. Nxd1 Rxd8 13. c3 Bh6 14. O-O
b6 15. Ne3 Bxe3 16. fxe3 e6 17. Rad1 d6 18. Rd4 Kf8 19. e5 d5 20. e4 Bb7 21.
Rfd1 Ke7 22. exd5 Bxd5 23. Bxd5 Rxd5 24. Rxd5 exd5 25. Rxd5 Rc8 26. Rd6 Rc4 27.
Rxb6 Rxa4 28. Kf2 Re4 29. Rb5 a4 30. Kf3 Re1 31. Ra5 Rb1 32. Rxa4 1/2-1/2

[Event "Bad Woerishofen sen"]
[Site "?"]
[Date "2007.03.12"]
[Round "5"]
[White "Wulf, Adalbert"]
[Black "Josting, Friedel"]
[Result "1/2-1/2"]
[WhiteElo "1985"]
[BlackElo "2015"]
[PlyCount "29"]
[EventDate "2007.??.??"]

1. d4 d5 2. c4 e6 3. Nf3 Nf6 4. Nc3 c6 5. e3 Nbd7 6. Bd3 Bd6 7. O-O O-O 8. e4
dxe4 9. Nxe4 Nxe4 10. Bxe4 Nf6 11. Bc2 h6 12. Qd3 Qc7 13. Rd1 Bf4 14. Bxf4 Qxf4
15. g3 1/2-1/2

[Event "Bad Woerishofen sen"]
[Site "?"]
[Date "2007.03.12"]
[Round "5"]
[White "Litterst, Reinhard"]
[Black "Blutharsch, Walter"]
[Result "0-1"]
[WhiteElo "2098"]
[BlackElo "1859"]
[PlyCount "38"]
[EventDate "2007.??.??"]

1. d4 d5 2. c4 c6 3. e3 Nf6 4. Nc3 Bf5 5. Nf3 e6 6. Be2 Bd6 7. h3 h6 8. O-O
Nbd7 9. b3 O-O 10. Bb2 Re8 11. Rc1 Rc8 12. Qd2 Qe7 13. cxd5 exd5 14. Ne1 Qe4
15. Bf3 Bxh3 16. Ne2 Bg4 17. Nf4 Qf5 18. Bxg4 Qxg4 19. Qe2 Qxf4 0-1

[Event "Bad Woerishofen sen"]
[Site "?"]
[Date "2007.03.12"]
[Round "5"]
[White "Xander, Karl"]
[Black "Oser, Thor"]
[Result "1-0"]
[WhiteElo "2012"]
[BlackElo "1906"]
[PlyCount "39"]
[EventDate "2007.??.??"]

1. e4 c5 2. Nf3 Nc6 3. d4 cxd4 4. Nxd4 e6 5. Nc3 a6 6. Bc4 Bc5 7. Nb3 Ba7 8.
O-O Nge7 9. Kh1 b5 10. Be2 O-O 11. f4 Bb7 12. Bf3 d6 13. Ne2 Qc7 14. Ng3 Rad8
15. f5 d5 16. exd5 Nxd5 17. Qe1 e5 18. Bxd5 Rxd5 19. f6 gxf6 20. Nh5 1-0

[Event "Bad Woerishofen sen"]
[Site "?"]
[Date "2007.03.12"]
[Round "5"]
[White "Braeu, Ludwig"]
[Black "Bartlitz, Heinz"]
[Result "0-1"]
[WhiteElo "1961"]
[BlackElo "1834"]
[PlyCount "52"]
[EventDate "2007.??.??"]

1. c4 f5 2. Nf3 Nf6 3. g3 g6 4. Bg2 Bg7 5. O-O O-O 6. d4 d6 7. Nc3 Qe8 8. d5 a5
9. Nd4 Na6 10. b3 Bd7 11. Bb2 Rb8 12. Qd2 Nc5 13. Rad1 e5 14. dxe6 Nxe6 15. e3
Nxd4 16. exd4 Bc6 17. d5 Bd7 18. Rfe1 Qf7 19. a3 Rbe8 20. b4 axb4 21. axb4
Rxe1+ 22. Rxe1 Re8 23. c5 Rxe1+ 24. Qxe1 Qe8 25. Qc1 Ng4 26. Nd1 Qe1+ 0-1

[Event "Bad Woerishofen op"]
[Site "?"]
[Date "2007.03.13"]
[Round "6"]
[White "Bu, Xiangzhi"]
[Black "Romanishin, Oleg"]
[Result "1-0"]
[WhiteElo "2644"]
[BlackElo "2572"]
[PlyCount "67"]
[EventDate "2007.??.??"]

1. Nf3 Nf6 2. c4 e6 3. Nc3 Bb4 4. Qc2 c5 5. a3 Ba5 6. e3 Nc6 7. Be2 O-O 8. O-O
Bb6 9. Rb1 d5 10. b4 cxb4 11. axb4 dxc4 12. Ba3 Bd7 13. Na4 Rc8 14. b5 Na5 15.
Bxf8 Qxf8 16. Ne5 Bc7 17. Nxd7 Nxd7 18. d3 cxd3 19. Qxd3 Nf6 20. Bf3 b6 21.
Rfd1 Rd8 22. Qc2 Bd6 23. Rbc1 Qe8 24. Nc3 g6 25. g3 Ba3 26. Rxd8 Qxd8 27. Rd1
Qc7 28. Qd3 Be7 29. Ne2 Nb7 30. Ra1 Nc5 31. Qa3 e5 32. Qxa7 Qd6 33. Nc3 Qe6 34.
Bd5 1-0

[Event "Bad Woerishofen op"]
[Site "?"]
[Date "2007.03.13"]
[Round "6"]
[White "van der Weide, Karel"]
[Black "Bromberger, Stefan"]
[Result "0-1"]
[WhiteElo "2476"]
[BlackElo "2495"]
[PlyCount "168"]
[EventDate "2007.??.??"]

1. e4 c5 2. Nf3 d6 3. d4 Nf6 4. Nc3 cxd4 5. Nxd4 a6 6. Be3 e5 7. Nb3 Be6 8. f3
Be7 9. Qd2 O-O 10. O-O-O Nbd7 11. g4 b5 12. g5 b4 13. Ne2 Ne8 14. f4 a5 15. Kb1
a4 16. Nbc1 exf4 17. Nxf4 Bxg5 18. Nxe6 Bxe3 19. Nxd8 Bxd2 20. Rxd2 Rxd8 21.
Rd4 Nef6 22. Rxb4 Nc5 23. Bg2 Rfe8 24. Re1 Nd5 25. Rc4 Nf4 26. Bf1 f5 27. Nd3
Nfxd3 28. cxd3 Rb8 29. e5 a3 30. b3 Nd7 31. e6 Nc5 32. Rd4 Nxe6 33. Rxd6 Nd4
34. Rxe8+ Rxe8 35. Rxd4 Re1+ 36. Kc2 Rxf1 37. b4 Rf2+ 38. Kb3 Rxh2 39. Kxa3 g5
40. Rd5 Rh6 41. Rxf5 Rg6 42. b5 g4 43. Kb4 g3 44. Rf1 h5 45. Ka5 h4 46. b6 Rxb6
47. Kxb6 g2 48. Rg1 h3 49. a4 Kf7 50. a5 h2 51. Rxg2 h1=Q 52. Rb2 Qg1+ 53. Kb5
Qd1 54. Kb6 Qxd3 55. Rb5 Ke7 56. a6 Qd6+ 57. Ka5 Qc7+ 58. Kb4 Kd6 59. Ra5 Qb6+
60. Ka4 Qa7 61. Kb3 Kc7 62. Ra4 Kb8 63. Ra2 Qe3+ 64. Kb4 Qd4+ 65. Kb3 Qd5+ 66.
Kb2 Ka7 67. Ra3 Qc4 68. Ra2 Qb5+ 69. Kc3 Qb1 70. Ra3 Qc1+ 71. Kb3 Qc5 72. Ra2
Qd5+ 73. Kb2 Qc4 74. Ra1 Qd4+ 75. Kb1 Qc3 76. Ra2 Qb3+ 77. Ka1 Qb4 78. Rc2 Qd4+
79. Rb2 Kxa6 80. Ka2 Ka5 81. Kb1 Ka4 82. Ka2 Qd5+ 83. Ka1 Ka3 84. Rb3+ Kxb3 0-1

[Event "Bad Woerishofen op"]
[Site "?"]
[Date "2007.03.13"]
[Round "6"]
[White "Mainka, Romuald"]
[Black "Lupor, Andre"]
[Result "1-0"]
[WhiteElo "2492"]
[BlackElo "2288"]
[PlyCount "89"]
[EventDate "2007.??.??"]

1. e4 c5 2. Nf3 Nc6 3. Bb5 g6 4. Bxc6 dxc6 5. d3 Bg7 6. h3 Nf6 7. Nc3 O-O 8.
Be3 b6 9. Qd2 e5 10. Bh6 Qd6 11. Bxg7 Kxg7 12. O-O-O a5 13. g4 b5 14. Kb1 a4
15. Ne2 Re8 16. Nh4 a3 17. b3 c4 18. f4 exf4 19. Nf3 cxb3 20. cxb3 Nd7 21. Nxf4
Bb7 22. h4 h6 23. g5 h5 24. Rhe1 c5 25. Qc3+ Ne5 26. Nd5 b4 27. Qa1 Re6 28. Kc2
Kf8 29. Nxe5 Qxe5 30. Qxe5 Rxe5 31. Nf6 Rd8 32. Re3 Ke7 33. Rf1 Bc6 34. Ref3
Rc8 35. Kd2 Ra8 36. Ke3 Rd8 37. Rc1 Bb7 38. Kf4 Re6 39. Rxc5 Bc6 40. Ke3 Kd6
41. Rc4 Rb8 42. d4 Ba8 43. Rf2 Ke7 44. Rc7+ Kf8 45. Nd7+ 1-0

[Event "Bad Woerishofen op"]
[Site "?"]
[Date "2007.03.13"]
[Round "6"]
[White "Espig, Lutz"]
[Black "Levin, Felix"]
[Result "1/2-1/2"]
[WhiteElo "2351"]
[BlackElo "2510"]
[PlyCount "122"]
[EventDate "2007.??.??"]

1. Nf3 d5 2. g3 g6 3. Bg2 Bg7 4. d4 Nf6 5. O-O O-O 6. c4 dxc4 7. Na3 c3 8. bxc3
c5 9. e3 Nc6 10. Qe2 Bf5 11. Rd1 Qc8 12. Bb2 Rd8 13. Nc4 Bh3 14. Bh1 Qg4 15.
Re1 Rac8 16. Nfe5 Qxe2 17. Rxe2 Nxe5 18. Nxe5 cxd4 19. cxd4 Nd5 20. Nd3 g5 21.
a4 a5 22. Ra3 e5 23. Bg2 Bxg2 24. Kxg2 exd4 25. Bxd4 Bxd4 26. exd4 Rc4 27. Rb2
b6 28. Ne5 Rc7 29. Kf3 f6 30. Ng4 Kf7 31. Ne3 Nb4 32. Nf5 h5 33. h3 Kg6 34. g4
Nc2 35. Raa2 Nxd4+ 36. Nxd4 hxg4+ 37. Kxg4 Rxd4+ 38. Kg3 Rc3+ 39. Kg2 Rb4 40.
Rxb4 axb4 41. Rd2 Ra3 42. Rd6 Rxa4 43. Rxb6 Kf5 44. Kg3 Ke5 45. Kg4 b3+ 46. f4+
Rxf4+ 47. Kg3 Rd4 48. Rxb3 f5 49. Re3+ Re4 50. Ra3 Rc4 51. Re3+ Kd4 52. Re8
Rc3+ 53. Kg2 f4 54. Rd8+ Ke3 55. Re8+ Kd4 56. Rd8+ Ke5 57. Re8+ Kf6 58. Rf8+
Kg7 59. Ra8 Rg3+ 60. Kh2 Re3 61. Ra2 Re1 1/2-1/2

[Event "Bad Woerishofen op"]
[Site "?"]
[Date "2007.03.13"]
[Round "6"]
[White "Galdunts, Sergey"]
[Black "Friedrich, Norbert"]
[Result "1-0"]
[WhiteElo "2502"]
[BlackElo "2314"]
[PlyCount "135"]
[EventDate "2007.??.??"]

1. e4 c5 2. Nf3 Nf6 3. Nc3 d5 4. exd5 Nxd5 5. Bb5+ Bd7 6. Ne5 Bxb5 7. Qf3 f6 8.
Nxb5 Na6 9. Nc4 Qd7 10. O-O Qxb5 11. Qxd5 Qd7 12. Qe4 O-O-O 13. a3 Nc7 14. d3
Nb5 15. Be3 e6 16. Na5 Nd6 17. Qf3 Nf5 18. b4 Qd5 19. Qxd5 Rxd5 20. Nb3 cxb4
21. axb4 a6 22. Bc5 e5 23. Rfb1 h5 24. Kf1 Kc7 25. Bxf8 Rxf8 26. Nc5 Re8 27.
Ra5 Rd6 28. Ne4 Rc6 29. c4 Nd6 30. Nc3 Kc8 31. Nd5 e4 32. c5 Nb5 33. dxe4 Rxe4
34. f3 Rd4 35. Ne7+ Kd7 36. Nxc6 Kxc6 37. Rb2 Nc3 38. Rb3 Nb5 39. Ra1 Rd2 40.
Re3 Nd4 41. Re7 Nc2 42. Rb1 Rd4 43. Re6+ Kc7 44. Re7+ Kc6 45. Re6+ Kc7 46. b5
axb5 47. Rxb5 Rd1+ 48. Kf2 Rd2+ 49. Kg3 Nd4 50. Re7+ Kd8 51. Rexb7 Nxb5 52.
Rxb5 Kc7 53. Ra5 Kb7 54. Ra4 Rd5 55. Rc4 Rg5+ 56. Kh3 Kc6 57. Rc2 Re5 58. Kh4
Rg5 59. g3 Rd5 60. f4 Rf5 61. h3 Rd5 62. Rc3 Kd7 63. c6+ Kc7 64. Ra3 Kb6 65.
Ra8 g5+ 66. fxg5 Rxg5 67. Ra4 Kxc6 68. Ra6+ 1-0

[Event "Bad Woerishofen op"]
[Site "?"]
[Date "2007.03.13"]
[Round "6"]
[White "Pitl, Gregory"]
[Black "Karpatchev, Alexander"]
[Result "0-1"]
[WhiteElo "2357"]
[BlackElo "2478"]
[PlyCount "70"]
[EventDate "2007.??.??"]

1. e4 e5 2. Nf3 Nc6 3. d4 exd4 4. Nxd4 Bc5 5. Be3 Qf6 6. c3 Nge7 7. g3 h5 8. h3
h4 9. g4 Ng6 10. Qd2 Nge5 11. Be2 Nxd4 12. cxd4 Nf3+ 13. Bxf3 Qxf3 14. Rh2 Bb6
15. a4 c6 16. e5 O-O 17. Qe2 Qd5 18. Nc3 Ba5 19. Kf1 Bxc3 20. bxc3 b5 21. a5
Ba6 22. f4 d6 23. Kg1 Rfe8 24. Bf2 c5 25. Rd1 Qb3 26. Be1 dxe5 27. fxe5 Rac8
28. Qd3 cxd4 29. cxd4 Qd5 30. Bxh4 Rc4 31. Bg5 b4 32. Qf5 Rxd4 33. Rhd2 Bb7 34.
Be3 Rxe5 35. Bxd4 Qh1+ 0-1

[Event "Bad Woerishofen op"]
[Site "?"]
[Date "2007.03.13"]
[Round "6"]
[White "Erenska-Barlo, Hanna"]
[Black "Bronznik, Valeri"]
[Result "1/2-1/2"]
[WhiteElo "2275"]
[BlackElo "2396"]
[PlyCount "77"]
[EventDate "2007.??.??"]

1. e4 c5 2. Nf3 Nc6 3. Bb5 e6 4. Bxc6 bxc6 5. d3 Ne7 6. O-O Ng6 7. Re1 Be7 8.
Nc3 O-O 9. b3 e5 10. Ne2 d6 11. Ng3 Nf4 12. h3 g6 13. c3 Ba6 14. d4 Nd3 15. Re3
Nxc1 16. Rxc1 f5 17. Re1 fxe4 18. Rxe4 exd4 19. cxd4 Qc7 20. dxc5 dxc5 21. Qe1
Bd6 22. Ne5 c4 23. Nxc4 Bc5 24. Ne3 Rad8 25. Ngf1 Bb6 26. Ng4 Bd4 27. Rxd4 Rxd4
28. Qe6+ Kh8 29. Rxc6 Bc8 30. Rxc7 Bxe6 31. Nge3 Rf7 32. Rc5 Rd6 33. f3 Ra6 34.
Rc2 Bf5 35. Nxf5 Rxf5 36. Nd2 Rf7 37. Kf2 Kg7 38. Ke3 Rd6 39. Ke2 1/2-1/2

[Event "Bad Woerishofen op"]
[Site "?"]
[Date "2007.03.13"]
[Round "6"]
[White "Skembris, Spyridon"]
[Black "Wacker, Peter"]
[Result "1-0"]
[WhiteElo "2459"]
[BlackElo "2278"]
[PlyCount "77"]
[EventDate "2007.??.??"]

1. d4 Nf6 2. c4 e6 3. Nf3 b6 4. g3 Bb7 5. Bg2 Be7 6. O-O O-O 7. Re1 d5 8. cxd5
exd5 9. Nc3 Nbd7 10. Ne5 c5 11. Nxd7 Qxd7 12. dxc5 Bxc5 13. Qd3 Rfe8 14. Bg5
Ng4 15. Rf1 h6 16. Bf4 Nf6 17. Rad1 Rad8 18. Nb5 Bc6 19. Nd4 Bxd4 20. Qxd4 Bb5
21. Rfe1 Bxe2 22. Rc1 Qf5 23. h3 h5 24. Rc7 Ra8 25. b3 g5 26. Bd2 Bf3 27. Bxf3
Qxf3 28. Re5 Rxe5 29. Qxe5 Ne4 30. Be3 Qf6 31. Qxd5 Re8 32. Rxa7 Nxg3 33. Qxg5+
Qxg5 34. Bxg5 Nf5 35. Rb7 Ra8 36. Rxb6 Rxa2 37. Bf6 Rd2 38. Rb5 Nd4 39. Rxh5
1-0

[Event "Bad Woerishofen op"]
[Site "?"]
[Date "2007.03.13"]
[Round "6"]
[White "Pirrot, Dieter"]
[Black "Kugelmann, Werner"]
[Result "1-0"]
[WhiteElo "2420"]
[BlackElo "2206"]
[PlyCount "79"]
[EventDate "2007.??.??"]

1. e4 e6 2. d4 d5 3. e5 c5 4. c3 Nc6 5. Nf3 Qb6 6. Bd3 cxd4 7. cxd4 Bd7 8. O-O
Nxd4 9. Nbd2 Nc6 10. Nb3 Qc7 11. Bf4 Nge7 12. Rc1 Ng6 13. Bg3 Qb6 14. h4 Be7
15. h5 Nf8 16. Bf4 Qb4 17. g3 g5 18. a3 Qa4 19. Nxg5 Rg8 20. Nh3 Nd4 21. Nxd4
Qxd4 22. Qe2 Bc6 23. b4 a6 24. Kh2 Nd7 25. Rfd1 Qb6 26. Bxh7 Rh8 27. Bd3 Ba4
28. Rd2 a5 29. Rb1 axb4 30. axb4 Qc6 31. Ra2 b5 32. Rc1 Qb7 33. Bxb5 Bxb5 34.
Rxa8+ Qxa8 35. Qxb5 Bd8 36. h6 Rh7 37. Rc6 Qa7 38. Qd3 Rh8 39. Rxe6+ fxe6 40.
Qg6+ 1-0

[Event "Bad Woerishofen op"]
[Site "?"]
[Date "2007.03.13"]
[Round "6"]
[White "Trabert, Bettina"]
[Black "Ris, Robert"]
[Result "1/2-1/2"]
[WhiteElo "2251"]
[BlackElo "2403"]
[PlyCount "68"]
[EventDate "2007.??.??"]

1. e4 Nf6 2. e5 Nd5 3. d4 d6 4. Nf3 Nc6 5. c4 Nb6 6. exd6 exd6 7. d5 Nb8 8. Bd3
Be7 9. O-O Bg4 10. Nbd2 O-O 11. Qc2 g6 12. h3 Bxf3 13. Nxf3 Bf6 14. Re1 Na6 15.
Bd2 Nc5 16. Bf1 a5 17. Rab1 Re8 18. b3 Ncd7 19. Rxe8+ Qxe8 20. Re1 Qd8 21. Bc3
Bxc3 22. Qxc3 Qf6 23. Qxf6 Nxf6 24. Nd4 Kf8 25. Nb5 Re8 26. Rxe8+ Nxe8 27. f4
Ke7 28. Kf2 Nd7 29. Bd3 Nc5 30. Ke3 Kd7 31. g4 c6 32. dxc6+ bxc6 33. Nd4 Ng7
34. Bc2 Nce6 1/2-1/2

[Event "Bad Woerishofen op"]
[Site "?"]
[Date "2007.03.13"]
[Round "6"]
[White "Fischer, Johann"]
[Black "Babar, Michael"]
[Result "1/2-1/2"]
[WhiteElo "2311"]
[BlackElo "2191"]
[PlyCount "94"]
[EventDate "2007.??.??"]

1. c4 Nf6 2. Nc3 g6 3. g3 c5 4. Bg2 Bg7 5. e3 O-O 6. Nge2 Nc6 7. O-O d6 8. d4
cxd4 9. exd4 Bg4 10. h3 Bf5 11. Be3 Qc8 12. Kh2 Nb4 13. Qa4 Nc2 14. Rac1 Nxe3
15. fxe3 Qe6 16. e4 Nxe4 17. Nxe4 Bh6 18. Nf4 Qc8 19. Nd5 Re8 20. Rce1 Bg7 21.
Rd1 Bd7 22. Qb3 f5 23. Nec3 Rb8 24. Rfe1 e6 25. Nf4 a6 26. c5 dxc5 27. dxc5 Kh8
28. Qa3 Bc6 29. Rd6 Bxg2 30. Kxg2 e5 31. Nfd5 Bf8 32. Nb6 Qc7 33. Ncd5 Qg7 34.
Rd7 Qh6 35. Qc3 Bg7 36. b4 Rbd8 37. Rxb7 g5 38. c6 g4 39. hxg4 fxg4 40. Rh1 Qg6
41. Qe3 Rf8 42. Rxg7 Qc2+ 43. Kg1 Qd1+ 44. Kg2 Qc2+ 45. Kg1 Qd1+ 46. Kg2 Qc2+
47. Kg1 Qd1+ 1/2-1/2

[Event "Bad Woerishofen op"]
[Site "?"]
[Date "2007.03.13"]
[Round "6"]
[White "Keller, Manfred"]
[Black "Salvermoser, Bernd"]
[Result "1-0"]
[WhiteElo "2179"]
[BlackElo "2301"]
[PlyCount "69"]
[EventDate "2007.??.??"]

1. d4 Nf6 2. Bg5 Ne4 3. Bf4 c5 4. f3 Qa5+ 5. c3 Nf6 6. Nd2 cxd4 7. Nb3 Qf5 8.
Bxb8 Rxb8 9. Qxd4 b6 10. e4 Qe6 11. Bc4 Qc6 12. e5 Ng8 13. Nh3 e6 14. Ng5 Be7
15. Ne4 f5 16. Nd6+ Bxd6 17. exd6 Nf6 18. O-O-O O-O 19. Kb1 Kh8 20. Rhe1 a6 21.
Bf1 Qa8 22. Qh4 Bb7 23. Nd4 b5 24. Rd2 Bd5 25. Bd3 Rb6 26. g4 fxg4 27. fxg4 Ne4
28. Rde2 Rf4 29. Qe7 Nc5 30. Bc2 b4 31. Nf5 Qg8 32. Nh4 Rb8 33. Re5 Re8 34. Rh5
Qf7 35. Bxh7 1-0

[Event "Bad Woerishofen op"]
[Site "?"]
[Date "2007.03.13"]
[Round "6"]
[White "Lupor, Stefan"]
[Black "Sargin, Anatol"]
[Result "1-0"]
[WhiteElo "2284"]
[BlackElo "2186"]
[PlyCount "45"]
[EventDate "2007.??.??"]

1. e4 e6 2. d4 d5 3. Nd2 Nf6 4. e5 Nfd7 5. Bd3 c5 6. c3 Nc6 7. Ndf3 cxd4 8.
cxd4 f6 9. exf6 Nxf6 10. Nh3 Bd6 11. O-O O-O 12. Re1 Qc7 13. Nhg5 e5 14. dxe5
Nxe5 15. Bxh7+ Nxh7 16. Nxe5 Nxg5 17. Bxg5 Be6 18. Rc1 Qb6 19. Be3 Qxb2 20. Bd4
Qb5 21. Ng6 Rfe8 22. Qh5 Qd3 23. Qh8+ 1-0

[Event "Bad Woerishofen op"]
[Site "?"]
[Date "2007.03.13"]
[Round "6"]
[White "Stabolewski, Andreas"]
[Black "Fischer, Thomas"]
[Result "0-1"]
[WhiteElo "2233"]
[BlackElo "2179"]
[PlyCount "74"]
[EventDate "2007.??.??"]

1. Nf3 f5 2. d4 Nf6 3. g3 e6 4. Bg2 d5 5. O-O c6 6. c4 Be7 7. b3 O-O 8. Nc3 Bd7
9. Na4 Be8 10. Nc5 Qc8 11. Bb2 Bf7 12. Nd3 Nbd7 13. Rc1 Qe8 14. Nfe5 Nxe5 15.
dxe5 Nd7 16. Qd2 g5 17. Qc3 dxc4 18. bxc4 Bh5 19. Rfe1 Nc5 20. Ba3 Nxd3 21.
exd3 Bxa3 22. Qxa3 Rf7 23. d4 Re7 24. Qe3 f4 25. gxf4 gxf4 26. Qxf4 Rg7 27. Rc3
Rd8 28. Rg3 Bg6 29. Bh3 c5 30. Qf6 Re7 31. dxc5 Qd7 32. Bg2 Rf8 33. Qh4 Ref7
34. Be4 Qd4 35. Rge3 Rg7 36. Qh6 Bxe4+ 37. Qxg7+ Kxg7 0-1

[Event "Bad Woerishofen op"]
[Site "?"]
[Date "2007.03.13"]
[Round "6"]
[White "Sorm, Daniel"]
[Black "Graf, Christian"]
[Result "1-0"]
[WhiteElo "2400"]
[BlackElo "2145"]
[PlyCount "45"]
[EventDate "2007.??.??"]

1. d4 d5 2. Nf3 Nf6 3. c4 c6 4. Nc3 dxc4 5. e4 b5 6. e5 Nd5 7. Be2 e6 8. O-O
Bb7 9. Qc2 Be7 10. Qe4 h5 11. a4 a6 12. h4 Nxc3 13. bxc3 Qd5 14. Qf4 c5 15. Qg3
Qe4 16. Qxg7 Rh7 17. Qg3 cxd4 18. Nxd4 Nc6 19. Bf3 Nxd4 20. cxd4 Qxd4 21. Bxb7
Qxa1 22. Qg8+ Bf8 23. Bc6+ 1-0

[Event "Bad Woerishofen op"]
[Site "?"]
[Date "2007.03.13"]
[Round "6"]
[White "Ballon, Guenther Jan"]
[Black "Loew, Gerald"]
[Result "0-1"]
[WhiteElo "2153"]
[BlackElo "2285"]
[PlyCount "88"]
[EventDate "2007.??.??"]

1. d4 Nf6 2. c4 e6 3. Nc3 Bb4 4. f3 d5 5. a3 Be7 6. e4 dxe4 7. fxe4 e5 8. d5
Bc5 9. Bg5 Bd4 10. Rc1 c6 11. Nf3 Bg4 12. Be2 Bxf3 13. Bxf3 Nbd7 14. Qe2 O-O
15. Bh4 a5 16. Bf2 a4 17. O-O Qb6 18. Qd2 Rfe8 19. Rc2 Qc5 20. Ne2 Bxf2+ 21.
Rxf2 Rec8 22. Ng3 g6 23. h3 Qe7 24. Kh2 Nc5 25. Qb4 h5 26. Rfd2 Qd6 27. Re2 Kg7
28. Nh1 Nfd7 29. Kg1 Ra6 30. Re3 Rb6 31. Qa5 Nb3 32. c5 Nbxc5 33. Nf2 Rb5 34.
Qa7 Nb6 35. Rxc5 Qxc5 36. Rc3 Qd6 37. Qxb7 Rc7 38. Rxc6 Qxc6 39. Qxc6 Rxc6 40.
dxc6 Rc5 41. Nd3 Rxc6 42. Nxe5 Rc2 43. Nd3 Rd2 44. Nc5 Rxb2 0-1

[Event "Bad Woerishofen op"]
[Site "?"]
[Date "2007.03.13"]
[Round "6"]
[White "Weidlich, Guenter"]
[Black "Graf, Felix"]
[Result "1/2-1/2"]
[WhiteElo "2136"]
[BlackElo "2249"]
[PlyCount "83"]
[EventDate "2007.??.??"]

1. d4 Nf6 2. Nf3 e6 3. e3 b6 4. Nbd2 Bb7 5. Be2 c5 6. O-O Be7 7. b3 cxd4 8.
Nxd4 a6 9. c4 Qc7 10. Bb2 O-O 11. Rc1 Nc6 12. Nxc6 dxc6 13. Qc2 a5 14. Ne4 Nd7
15. Qc3 e5 16. a3 f5 17. Ng3 g6 18. Rfd1 Bf6 19. b4 c5 20. b5 f4 21. Bg4 Rad8
22. Nf1 e4 23. Be6+ Kg7 24. Qc2 Ne5 25. Bxe5 Bxe5 26. Rxd8 Rxd8 27. Rd1 Rxd1
28. Qxd1 fxe3 29. fxe3 Kf6 30. Bg4 h5 31. Be2 Qd6 32. Qxd6+ Bxd6 33. a4 Be5 34.
Bd1 Bc3 35. Kf2 Bc8 36. Be2 Ke5 37. Ng3 Be6 38. Nf1 Bf7 39. Kg1 Be1 40. g3 Be6
41. Kg2 Kf6 42. h3 1/2-1/2